10 największych miast województwa Lubelskiego - Statystyki

Ogólne statystyki
  • Ten quiz został rozwiązany 29 razy
  • Średni wynik to 8 z 10
Statystyki odpowiedzi
Ludność Miasto % Poprawnych
329 565 Lublin
100%
58 231 Zamość
96%
57 214 Chełm
93%
54 453 Biała Podlaska
81%
36 680 Świdnik
78%
43 860 Puławy
70%
27 159 Łuków
67%
31 296 Kraśnik
63%
24 769 Biłgoraj
59%
19 734 Lubartów
44%
Nie znaleziono quizów pasujących do podanych kryteriów
Rozkład punktacji
Procent ludzi z każdym wynikiem
Percentyl według liczby udzielonych odpowiedzi
Twoja historia wyników
Nie rozwiązałeś tego quizu